Представление документа в формате MARC21

ПолеНазваниеЗначение
  Тип записи a
  Библиографический уровень m
001 Контрольный номер RU/URAIT/583621
005 Дата корректировки 20260429163618.0
008 Кодируемые данные 260429s2026 RU y f j 000 0 rus u
020 Индекс ISBN __
a ISBN 978-5-534-19627-6
c Цена, тираж 1849.00
040 Источник каталогиз. __
a Служба первич. каталог. ИКО Юрайт
c Служба, преобразующая запись ИКО Юрайт
e Правила каталог. RCR
041 Код языка издания __
a Код языка текста rus
044 Код страны публикации __
a Код страны публикации RU
080 Индекс УДК __
a Индекс УДК 316.6(075.32)
084 Индекс другой классификации/Индекс ББК __
2 Источник индекса rubbk
a Индекс другой классификации/Индекс ББК 88.5я723
100 Автор __
a Автор Корягина Н.
q Полное имя Корягина Наталья
245 Заглавие __
a Заглавие Психология общения
b Продолж. заглавия учебник и практикум для спо
c Ответственность Н. А. Корягина, Н. В. Антонова, С. В. Овсянникова.
250 Сведения об издании __
g пер. и доп
a Основные сведения об издании 3-е изд.
256 Характеристики компьютерного файла __
a Характеристики компьютерного файла Электрон. дан.
260 Выходные данные __
a Место издания Москва
b Издательство Юрайт
c Дата издания 2026
300 Физическое описание __
a Объем 350 с
440 Серия __
a Серия Профессиональное образование
500 Примечания __
a Примечание URL: https://urait.ru/bcode/583621 (дата обращения: 29.04.2026).
520 Аннотация __
a Аннотация В курсе рассматриваются основные теоретические и практические подходы к общению. Ценность общения в настоящее время обусловлена его значимостью практически для всех сфер жизнедеятельности человека. Курс основан на изложении фундаментальных научных знаний отечественной психологической школы, а также материалов новейших российских и зарубежных исследований, практических наработок в области психологии общения. Особый акцент сделан на деловом общении как важнейшем компоненте профессиональной компетентности специалистов любого профиля, особенно представителей социономических профессий — журналистов, менеджеров, педагогов. Большое внимание уделяется развитию коммуникативной компетентности в области делового и профессионального общения, а также преодолению трудностей, возникающих в процессе общения. Большое количество упражнений позволяет отработать необходимые навыки общения на практике.
538 Прим. о системных особенностях __
a Прим. о системных особенностях Режим доступа: Электронно-библиотечная система Юрайт, для авториз. пользователей
653 Ключевые слова __
a Ключевые слова Социальная и организационная психология
653 Ключевые слова __
a Ключевые слова Педагогика, психология, социальная работа
653 Ключевые слова __
a Ключевые слова Возрастная психология
653 Ключевые слова __
a Ключевые слова Психология
653 Ключевые слова __
a Ключевые слова Психология общения
653 Ключевые слова __
a Ключевые слова Психология социальной работы
653 Ключевые слова __
a Ключевые слова Психология делового общения
653 Ключевые слова __
a Ключевые слова Психология (включая основы социальной психологии)
653 Ключевые слова __
a Ключевые слова Основы психологии
653 Ключевые слова __
a Ключевые слова Этика и психология делового общения
653 Ключевые слова __
a Ключевые слова Психология вокруг нас
653 Ключевые слова __
a Ключевые слова Введение в психологию
653 Ключевые слова __
a Ключевые слова Возрастная и социальная психология
653 Ключевые слова __
a Ключевые слова Психология деловых отношений
653 Ключевые слова __
a Ключевые слова Психология с практикумом
653 Ключевые слова __
a Ключевые слова Психология и этика деловых отношений
653 Ключевые слова __
a Ключевые слова Психология общения и конфликтология
653 Ключевые слова __
a Ключевые слова Психология деловых коммуникаций
653 Ключевые слова __
a Ключевые слова Психология и этика делового общения
653 Ключевые слова __
a Ключевые слова Психология делового общения в профессиональной сфере
653 Ключевые слова __
a Ключевые слова Основы возрастной психологии
653 Ключевые слова __
a Ключевые слова Оперативная психология
653 Ключевые слова __
a Ключевые слова Возрастная психология. Общие вопросы
653 Ключевые слова __
a Ключевые слова Этика и психология деловых отношений
653 Ключевые слова __
a Ключевые слова Психология (включая психологию журналистики)
700 Другие авторы __
a Другие авторы Антонова Н. В.
q Полное имя Антонова Наталья Викторовна
700 Другие авторы __
a Другие авторы Овсянникова С. В.
q Полное имя Овсянникова Светлана Владимировна
856 Электронный адрес документа 40
n Местонахождение сервера Юрайт
g Электронная книга
q Тип электронного формата html
h Имя пользователя ЮРАЙТ
v Часы доступа к ресурсу 20271231
2 Способ доступа Показать документ
x Служебное примечание https://urait.ru/book/cover/4335FC0F-0881-460F-BE33-49F435565C80
u URL https://urait.ru/bcode/583621
856 Электронный адрес документа 48
q Тип электронного формата cover
u URL https://urait.ru/book/cover/4335FC0F-0881-460F-BE33-49F435565C80
911 __
u 0030=https://urait.ru/bcode/583621
911 __
u 073a=9785534196276
u 073d=1849.00
911 __
u 106a=s
911 __
u 900l=
952 Тип литературы __
i Дисциплина Возрастная психология
952 Тип литературы __
i Дисциплина Психология
952 Тип литературы __
i Дисциплина Психология общения
952 Тип литературы __
i Дисциплина Психология социальной работы
952 Тип литературы __
i Дисциплина Психология делового общения
952 Тип литературы __
i Дисциплина Психология (включая основы социальной психологии)
952 Тип литературы __
i Дисциплина Основы психологии
952 Тип литературы __
i Дисциплина Этика и психология делового общения
952 Тип литературы __
i Дисциплина Психология вокруг нас
952 Тип литературы __
i Дисциплина Введение в психологию
952 Тип литературы __
i Дисциплина Возрастная и социальная психология
952 Тип литературы __
i Дисциплина Психология деловых отношений
952 Тип литературы __
i Дисциплина Психология с практикумом
952 Тип литературы __
i Дисциплина Психология и этика деловых отношений
952 Тип литературы __
i Дисциплина Психология общения и конфликтология
952 Тип литературы __
i Дисциплина Психология деловых коммуникаций
952 Тип литературы __
i Дисциплина Психология и этика делового общения
952 Тип литературы __
i Дисциплина Психология делового общения в профессиональной сфере
952 Тип литературы __
i Дисциплина Основы возрастной психологии
952 Тип литературы __
i Дисциплина Оперативная психология
952 Тип литературы __
i Дисциплина Возрастная психология. Общие вопросы
952 Тип литературы __
i Дисциплина Этика и психология деловых отношений
952 Тип литературы __
i Дисциплина Психология (включая психологию журналистики)